The American Economic Review

Salvato in:
Dettagli Bibliografici
Natura: Periodico
Lingua:inglese
Pubblicazione: Nashville American Economic Association
Soggetti:
Tags: Aggiungi Tag
Nessun Tag, puoi essere il primo ad aggiungerne!!

MARC

LEADER 00000nas1a22000001 4500
001 s120076
005 20251001134013.4
022 |a 0002-8282 
022 |a 1944-7981 
041 0 |a eng 
044 |a US 
245 1 0 |a The American Economic Review 
264 1 |a Nashville  |b American Economic Association 
610 2 0 |a veda ekonomická 
610 2 0 |a analýza ekonomická 
610 2 0 |a hospodárstvo národné 
610 2 0 |a hospodárstvo svetové